000
00292nam a2200109Ia 4500
008
200302s9999 xx 000 0 und d
100
_a
Neil J. Smlser and other
245
_a
The handbook of economic sociology 2nd ed
260
_b
Princeton Architectural Press
260
_c
2005
300
_a
736
999
_c
5970
_d
5970